[Event "24. Copenhagen Open  (Politiken Cup)"]
[Site "Copenhagen"]
[Date "2002.07.16"]
[Round "2"]
[White "Cech, Pavel"]
[Black "Dalsberg, Sandra de Blecourt"]
[Result "1-0"]
[WhiteElo "2316"]
[BlackElo "2082"]
[PlyCount "81"]
[EventDate "2002.07.15"]
[EventType "swiss"]
[EventRounds "11"]
[EventCountry "DEN"]
[SourceDate "2004.01.01"]

1. d4 d5 2. c4 e6 3. Nc3 Nf6 4. Bg5 Be7 5. Nf3 O-O 6. e3 h6 7. Bh4 b6 8. Rc1
Bb7 9. cxd5 Nxd5 10. Bxe7 Qxe7 11. Bd3 Rc8 12. O-O c5 13. Nxd5 Bxd5 14. e4 Bb7
15. Qe2 Nd7 16. Ba6 Nf6 17. Bxb7 Qxb7 18. dxc5 Rxc5 19. Rxc5 bxc5 20. Re1 a5
21. Ne5 Rd8 22. f3 a4 23. Nc4 Rd4 24. Qc2 Qb4 25. Rc1 Nd7 26. Qc3 Qb5 27. Qa5
Qxa5 28. Nxa5 Nb6 29. Rc2 Kf8 30. Kf2 c4 31. Ke2 f5 32. Rd2 Rxd2+ 33. Kxd2 fxe4
34. fxe4 Ke7 35. Kc3 a3 36. bxa3 Kf6 37. Nxc4 Nd7 38. Kd4 Kg5 39. a4 Kf4 40.
g3+ Kg5 41. a5 1-0

[Event "24. Copenhagen Open  (Politiken Cup)"]
[Site "Copenhagen"]
[Date "2002.07.16"]
[Round "2"]
[White "Christensen, Esben"]
[Black "Nilssen, John Arni"]
[Result "0-1"]
[WhiteElo "2099"]
[BlackElo "2363"]
[PlyCount "58"]
[EventDate "2002.07.15"]
[EventType "swiss"]
[EventRounds "11"]
[EventCountry "DEN"]
[SourceDate "2004.01.01"]

1. e4 c5 2. Nf3 Nc6 3. d4 cxd4 4. Nxd4 e5 5. Nb5 d6 6. a4 Be6 7. N1c3 a6 8. Na3
Rc8 9. Be3 Nf6 10. Bc4 Be7 11. f3 Nb4 12. Bxe6 fxe6 13. O-O d5 14. exd5 exd5
15. Bf2 O-O 16. Ne2 e4 17. Nd4 Qd7 18. fxe4 dxe4 19. Qe2 Nbd5 20. a5 Bc5 21. c3
e3 22. Be1 Bxd4 23. cxd4 Qa4 24. Rd1 Ne4 25. Rxf8+ Rxf8 26. Bh4 Nf4 27. Qc4+
Qxc4 28. Nxc4 Ne2+ 29. Kh1 g5 0-1

[Event "24. Copenhagen Open  (Politiken Cup)"]
[Site "Copenhagen"]
[Date "2002.07.16"]
[Round "2"]
[White "Dogru, Latif"]
[Black "Olsen, Miriam Frida"]
[Result "0-1"]
[WhiteElo "1224"]
[BlackElo "1894"]
[PlyCount "38"]
[EventDate "2002.07.15"]
[EventType "swiss"]
[EventRounds "11"]
[EventCountry "DEN"]
[SourceDate "2004.01.01"]

1. e4 c5 2. Nc3 Nc6 3. f4 e6 4. Nf3 d6 5. Bb5 g6 6. d4 cxd4 7. Nxd4 Nge7 8. O-O
Bg7 9. Bxc6+ bxc6 10. Nf3 O-O 11. Qe1 c5 12. Be3 Qc7 13. Qh4 d5 14. exd5 exd5
15. Ne2 Nf5 16. Qf2 Nxe3 17. Qxe3 Ba6 18. c3 Rfe8 19. Ne5 f6 0-1

[Event "24. Copenhagen Open  (Politiken Cup)"]
[Site "Copenhagen"]
[Date "2002.07.16"]
[Round "2"]
[White "Dominguez, Lenier"]
[Black "Nilsson, Nils Specht"]
[Result "0-1"]
[WhiteElo "2613"]
[BlackElo "2187"]
[PlyCount "57"]
[EventDate "2002.07.15"]
[EventType "swiss"]
[EventRounds "11"]
[EventCountry "DEN"]
[SourceDate "2004.01.01"]

1. e4 d6 2. d4 Nf6 3. Nc3 c6 4. f3 Nbd7 5. Be3 b5 6. Qd2 b4 7. Nce2 a5 8. g4
Nb6 9. Ng3 Ba6 10. Bxa6 Rxa6 11. Qd3 Ra8 12. O-O-O e6 13. g5 Nfd7 14. f4 Be7
15. Nf3 Qc8 16. f5 Qa6 17. Kb1 Qxd3 18. cxd3 {O-O-O Illegal move! Rhf1 Kb7 Nd2}
e5 19. h4 f6 {Nf3 c5} 20. d5 Rc8 21. Nh5 Rg8 22. b3 a4 {Rg1 axb3 axb3 Ra8} 23.
g6 hxg6 24. fxg6 {Ra3 Kb2} f5 25. exf5 Nxd5 26. Bg5 Bxg5 27. Nxg5 Nc3+ {
Nxg7 Nxd1+ Rxd1 Nf6 h5 Rga8} 28. Kc1 {Ra2} Ne4 {Nd5 Ne8} 29. Rh2 {Rd2 Rh1+ Rd1
Ra1+ Kd2 Raxd1+ Ke2 Nf4+ Kf2 Rh2+ Kg3 Rg2+} 0-1

[Event "24. Copenhagen Open  (Politiken Cup)"]
[Site "Copenhagen"]
[Date "2002.07.16"]
[Round "2"]
[White "Draeger, Michael"]
[Black "Bjerke, Silje"]
[Result "0-1"]
[WhiteElo "1549"]
[BlackElo "2064"]
[PlyCount "78"]
[EventDate "2002.07.15"]
[EventType "swiss"]
[EventRounds "11"]
[EventCountry "DEN"]
[SourceDate "2004.01.01"]

1. e4 e6 2. d4 d5 3. Nc3 Bb4 4. e5 c5 5. Bd2 Bxc3 6. Bxc3 Ne7 7. dxc5 Nbc6 8.
Qg4 Ng6 9. f4 Qe7 10. Bb5 Qxc5 11. Bxc6+ bxc6 12. Ne2 Qb6 13. Nd4 c5 14. Nb3 a5
15. a4 d4 16. Bd2 c4 17. f5 cxb3 18. fxg6 hxg6 19. cxb3 Bb7 20. Rc1 Qxb3 21.
Qxd4 Bxg2 22. Rc7 O-O 23. Rg1 Bf3 24. Bc3 Rad8 25. Rd7 Rxd7 26. Qxd7 Qc2 27.
Qd2 Qxa4 28. Kf2 Bd5 29. Qg5 Qc2+ 30. Kg3 a4 31. Qd2 Qe4 32. Qf2 a3 33. Re1 Qc4
34. Qd4 Qb3 35. bxa3 Rc8 36. Re3 Qxa3 37. Qd2 Qa4 38. Re1 g5 39. h3 Rxc3+ 0-1

[Event "24. Copenhagen Open  (Politiken Cup)"]
[Site "Copenhagen"]
[Date "2002.07.16"]
[Round "2"]
[White "Edvardsson, Hannu Kalervo"]
[Black "Korsgaard, Peter"]
[Result "0-1"]
[WhiteElo "1300"]
[BlackElo "1956"]
[PlyCount "78"]
[EventDate "2002.07.15"]
[EventType "swiss"]
[EventRounds "11"]
[EventCountry "DEN"]
[SourceDate "2004.01.01"]

1. e4 c5 2. c4 g6 3. Be2 Bg7 4. Nf3 Nc6 5. d3 d6 6. Nc3 Nf6 7. Bd2 a6 8. a3 Rb8
9. O-O b5 10. cxb5 axb5 11. Rb1 b4 12. axb4 Nxb4 13. Ne1 O-O 14. Nc2 Be6 15.
Nxb4 cxb4 16. Na4 Qa5 17. b3 Nd7 18. Nb2 d5 19. exd5 Qxd5 20. Nc4 Rfd8 21. Qe1
Qb5 22. Rc1 Nc5 23. d4 Bxd4 24. Ne3 Qa5 25. Bc4 Nxb3 26. Bxb3 Bxb3 27. Rb1 Bc3
28. Bxc3 bxc3 29. Rc1 Rd2 30. Nd1 c2 31. Ne3 Qc3 32. h3 Rbd8 33. Kh1 Qb2 34.
Kg1 Rd1 35. Nxd1 cxd1=Q 36. Qxe7 Qbxc1 37. Rxd1 Rxd1+ 38. Kh2 Qf4+ 39. g3 Qxf2#
0-1

[Event "24. Copenhagen Open  (Politiken Cup)"]
[Site "Copenhagen"]
[Date "2002.07.16"]
[Round "2"]
[White "Ekeberg, Carl Fredrik"]
[Black "Wilsbeck, Jan Borge"]
[Result "1-0"]
[WhiteElo "2213"]
[BlackElo "1825"]
[PlyCount "123"]
[EventDate "2002.07.15"]
[EventType "swiss"]
[EventRounds "11"]
[EventCountry "DEN"]
[SourceDate "2004.01.01"]

1. Nf3 c5 2. c4 Nf6 3. Nc3 Nc6 4. g3 d5 5. d4 cxd4 6. Nxd4 e5 7. Nxc6 bxc6 8.
Bg2 Be6 9. Bg5 Bb4 10. Qa4 Bxc3+ 11. bxc3 O-O 12. O-O Qc7 13. Rfd1 Ne4 14. Bxe4
dxe4 15. c5 h6 16. Be3 Rfd8 17. Qxe4 Rxd1+ 18. Rxd1 Rd8 19. Ra1 f6 20. Qa4 Qd7
$11 21. f3 Kh7 22. Kf2 Kg8 23. a3 Kh7 24. Rb1 Bf5 25. Rc1 Bg6 26. Qb3 Qd5 27.
Qa4 Qd7 28. g4 e4 29. Bd4 exf3 30. exf3 Re8 31. Re1 Rxe1 $11 32. Kxe1 Qe6+ 33.
Kf2 Qd7 34. Be3 Bd3 35. Qf4 Bg6 36. Qd6 Be8 37. h4 a6 38. Kg3 Qxd6+ 39. cxd6
Bd7 40. g5 hxg5 41. hxg5 Kg6 42. Kf4 Kf7 43. Ke4 Ke6 44. gxf6 gxf6 45. Bc5 Be8
46. Kd4 Kd7 47. Kc4 Kc8 48. Bd4 f5 49. Kc5 Kb7 50. f4 Bd7 51. a4 Be6 52. a5 Bd7
53. Bf6 Be8 54. Bd8 Bf7 55. Bc7 Bd5 56. Bd8 Be6 57. Bb6 Bd7 58. Kd4 Be8 59. Ke5
Bd7 60. c4 c5 61. Kd5 Be8 62. Kxc5 1-0

[Event "24. Copenhagen Open  (Politiken Cup)"]
[Site "Copenhagen"]
[Date "2002.07.16"]
[Round "2"]
[White "Felgaer, Ruben"]
[Black "Borvander, Tom"]
[Result "1-0"]
[WhiteElo "2509"]
[BlackElo "2166"]
[PlyCount "81"]
[EventDate "2002.07.15"]
[EventType "swiss"]
[EventRounds "11"]
[EventCountry "DEN"]
[SourceDate "2004.01.01"]

1. e4 e5 2. Nf3 Nc6 3. Bb5 a6 4. Ba4 Nf6 5. O-O b5 6. Bb3 Bc5 7. c3 d6 8. Re1
O-O 9. d4 Bb6 10. Be3 Rb8 11. h3 Bd7 12. Nbd2 Re8 13. Bc2 Na7 14. b4 Nc8 15. a4
Bc6 16. a5 Ba7 17. dxe5 Bxe3 18. Rxe3 dxe5 19. Nb3 Nd6 20. Nc5 Ra8 21. Nd2 Qe7
22. Qe2 Red8 23. Rd1 g6 24. Bb3 Kh8 25. Rf1 Nh5 26. g3 Nb7 27. Nd3 Rd7 28. f4
exf4 29. Nxf4 Nxf4 30. Rxf4 Rf8 31. Nf3 Rdd8 32. e5 Bd7 33. Rf6 Nd6 34. Ng5 h6
35. Qf2 Kg7 36. Nh7 Nc4 37. Nxf8 Rxf8 38. Bxc4 bxc4 39. Rxa6 Bf5 40. g4 Qg5 41.
Kh2 1-0

[Event "24. Copenhagen Open  (Politiken Cup)"]
[Site "Copenhagen"]
[Date "2002.07.16"]
[Round "2"]
[White "Gottschalck, Christian"]
[Black "Tidman, Sophie E"]
[Result "0-1"]
[WhiteElo "1676"]
[BlackElo "2139"]
[PlyCount "46"]
[EventDate "2002.07.15"]
[EventType "swiss"]
[EventRounds "11"]
[EventCountry "DEN"]
[SourceDate "2004.01.01"]

1. e4 e6 2. d4 d5 3. Nc3 Bb4 4. Nge2 dxe4 5. a3 Bxc3+ 6. Nxc3 Nc6 7. Be3 Nf6 8.
Be2 b6 9. O-O Bb7 10. f3 Ne7 11. fxe4 Nxe4 12. Bb5+ c6 13. Nxe4 cxb5 14. Qf3
Nf5 15. Nf6+ gxf6 16. Qxb7 Nxe3 17. Rxf6 O-O 18. Rf4 Qd5 19. Qxd5 Nxd5 20. Rf3
f5 21. Re1 Kf7 22. Kf2 Rg8 23. Rh3 Nf6 0-1

[Event "24. Copenhagen Open  (Politiken Cup)"]
[Site "Copenhagen"]
[Date "2002.07.16"]
[Round "2"]
[White "Greger, Roland Reinhard"]
[Black "Nielsen, Jens Holm"]
[Result "1-0"]
[WhiteElo "2365"]
[BlackElo "2098"]
[PlyCount "61"]
[EventDate "2002.07.15"]
[EventType "swiss"]
[EventRounds "11"]
[EventCountry "DEN"]
[SourceDate "2004.01.01"]

1. e4 c5 2. Nf3 Nc6 3. c3 Nf6 4. e5 Nd5 5. d4 cxd4 6. Bc4 e6 7. cxd4 Nc7 8. O-O
b5 9. Bd3 Bb7 10. Nc3 a6 11. Bg5 f6 12. exf6 gxf6 13. d5 exd5 14. Bf4 d6 15.
Re1+ Kf7 16. Bf5 Ne5 17. Nd4 Bc8 18. Qh5+ Ng6 19. Bxg6+ hxg6 20. Qxh8 Bb7 21.
Qh7+ Bg7 22. Bh6 Qh8 23. Qxg7+ Qxg7 24. Bxg7 Rg8 25. Bh6 g5 26. Re3 Bc8 27.
Rae1 Kg6 28. Re7 Na8 29. Re8 Rxe8 30. Rxe8 Nb6 31. Bf8 1-0

[Event "24. Copenhagen Open  (Politiken Cup)"]
[Site "Copenhagen"]
[Date "2002.07.16"]
[Round "2"]
[White "Hanley, Craig"]
[Black "Gutierrez Castillo, Paloma"]
[Result "0-1"]
[WhiteElo "2331"]
[BlackElo "2088"]
[PlyCount "88"]
[EventDate "2002.07.15"]
[EventType "swiss"]
[EventRounds "11"]
[EventCountry "DEN"]
[SourceDate "2004.01.01"]

1. c4 e6 2. Nc3 Nf6 3. e4 d5 4. e5 Nfd7 5. d4 dxc4 6. Bxc4 c5 7. Nf3 Nc6 8. d5
Ndxe5 9. Bb5 Nxf3+ 10. Qxf3 exd5 11. Nxd5 Bd6 12. O-O O-O 13. Bxc6 bxc6 14. Ne3
Qc7 15. g3 Be5 16. Rd1 Be6 17. Ng4 Bd4 18. Bg5 Bxb2 19. Rab1 Bd4 20. Bf4 Qc8
21. Ne3 Bxa2 22. Rbc1 Rd8 23. Bg5 f6 24. Nf5 Qb7 25. Be3 Bxe3 26. Qxe3 Rxd1+
27. Rxd1 Qb3 28. Qe2 Qe6 29. Qg4 g6 30. Nh6+ Kf8 31. Qf4 Bd5 32. Ng4 Kg7 33.
Rb1 g5 34. Qa4 Qe4 35. Rb7+ Kg6 36. Qxe4+ Bxe4 37. h4 gxh4 38. gxh4 h5 39. Ne3
a5 40. Re7 Bf3 41. Kh2 a4 42. Kg3 Bd5 43. Kf4 a3 44. Nf5 Bf7 0-1

[Event "24. Copenhagen Open  (Politiken Cup)"]
[Site "Copenhagen"]
[Date "2002.07.16"]
[Round "2"]
[White "Hansen, Erik Friberg"]
[Black "Kristensen, Jonas Rune"]
[Result "0-1"]
[WhiteElo "1138"]
[BlackElo "1847"]
[PlyCount "72"]
[EventDate "2002.07.15"]
[EventType "swiss"]
[EventRounds "11"]
[EventCountry "DEN"]
[SourceDate "2004.01.01"]

1. c4 Nf6 2. d4 g6 3. Nc3 Bg7 4. e4 d6 5. Nf3 O-O 6. Be2 e5 7. d5 a5 8. a3 Bd7
9. Bd3 Na6 10. Be3 Nh5 11. Qc2 Nf4 12. O-O Bg4 13. Be2 Nc5 14. Bxc5 dxc5 15. h3
Bd7 16. Bd3 Qc8 17. Ne2 Bh6 18. Nxf4 Bxf4 19. Nh2 Kh8 20. g4 f5 21. f3 h5 22.
Qe2 Ra6 23. Rf2 Raf6 24. Raf1 Qe8 25. b3 fxg4 26. fxg4 Qf7 27. a4 Kg7 28. Kg2
h4 29. Nf3 Bg3 30. Ng5 Rxf2+ 31. Rxf2 Qxf2+ 32. Qxf2 Rxf2+ 33. Kg1 Kh6 34. Ne6
Bxe6 35. dxe6 Kg7 36. Bf1 Kf6 0-1

[Event "24. Copenhagen Open  (Politiken Cup)"]
[Site "Copenhagen"]
[Date "2002.07.16"]
[Round "2"]
[White "Hansen, Morten Lyck"]
[Black "Molvig, Henrik"]
[Result "1/2-1/2"]
[WhiteElo "1854"]
[BlackElo "2237"]
[PlyCount "82"]
[EventDate "2002.07.15"]
[EventType "swiss"]
[EventRounds "11"]
[EventCountry "DEN"]
[SourceDate "2004.01.01"]

1. e4 c5 2. Nf3 d6 3. c3 Nf6 4. h3 e6 5. Bd3 Be7 6. Bc2 b6 7. O-O O-O 8. d4 Nc6
9. Nbd2 Ba6 10. Re1 cxd4 11. cxd4 Nb4 12. Bb1 Nd3 13. Bxd3 Bxd3 14. Re3 Ba6 15.
Nf1 d5 16. e5 Ne4 17. N1d2 Nxd2 18. Bxd2 Qd7 19. Rc1 Rfc8 20. Rec3 Rc4 21. b3
Rxc3 22. Rxc3 Rc8 23. Qc1 h6 24. Nh2 Rxc3 25. Qxc3 Qc8 26. Qxc8+ Bxc8 27. Kf1
Ba3 28. Ke1 Ba6 29. Kd1 Bb2 30. Be3 Kf8 31. Kd2 Ke7 32. g3 Kd7 33. Nf3 Bf1 34.
h4 Bg2 35. Ne1 Be4 36. Nd3 Bxd3 37. Kxd3 Kc6 38. h5 Ba3 39. g4 Be7 40. f4 Kb5
41. f5 Bf8 1/2-1/2

[Event "24. Copenhagen Open  (Politiken Cup)"]
[Site "Copenhagen"]
[Date "2002.07.16"]
[Round "2"]
[White "Hansen, Poul Elgaard"]
[Black "Jensen, Alexander Lindberg"]
[Result "1-0"]
[WhiteElo "2003"]
[BlackElo "1342"]
[PlyCount "89"]
[EventDate "2002.07.15"]
[EventType "swiss"]
[EventRounds "11"]
[EventCountry "DEN"]
[SourceDate "2004.01.01"]

1. d4 d5 2. c4 c6 3. Nf3 Nf6 4. Nc3 g6 5. e3 Bg7 6. Qb3 O-O 7. a4 b6 8. Be2 e6
9. O-O Nbd7 10. cxd5 cxd5 11. Bd2 Bb7 12. Rfc1 a6 13. Na2 Rc8 14. Nb4 Rxc1+ 15.
Rxc1 Qa8 16. Qd3 Ne4 17. Nxa6 Nxd2 18. Nxd2 Rc8 19. Rc3 Bf8 20. g3 Rxc3 21.
bxc3 Qc8 22. Nb4 Bxb4 23. cxb4 Qc1+ 24. Kg2 Qc6 25. Qb5 Nb8 26. Qxc6 Nxc6 27.
b5 Na5 28. Kf1 Kf8 29. Ke1 Ke7 30. Kd1 Kd6 31. Kc2 Bc8 32. f4 f6 33. Kc3 f5 34.
Kb4 Kc7 35. Nb3 Nb7 36. a5 bxa5+ 37. Nxa5 Kb6 38. Nb3 Bd7 39. Nc5 Bc8 40. Na4+
Kc7 41. b6+ Kb8 42. Nc5 Nd6 43. Bb5 h5 44. Bc6 Nf7 45. b7 1-0

[Event "24. Copenhagen Open  (Politiken Cup)"]
[Site "Copenhagen"]
[Date "2002.07.16"]
[Round "2"]
[White "Hein, Jacob"]
[Black "Christensen, Janus"]
[Result "0-1"]
[WhiteElo "1305"]
[BlackElo "1961"]
[PlyCount "72"]
[EventDate "2002.07.15"]
[EventType "swiss"]
[EventRounds "11"]
[EventCountry "DEN"]
[SourceDate "2004.01.01"]

1. d4 Nf6 2. Nf3 c5 3. d5 g6 4. Bg5 Bg7 5. d6 O-O 6. e4 exd6 7. Nc3 Qb6 8. Bxf6
Bxf6 9. Nb5 Bxb2 10. Rb1 Qa5+ 11. Qd2 Qxa2 12. Rxb2 Qxb2 13. Nc7 Qa1+ 14. Ke2
b6 15. Qh6 Ba6+ 16. Kd2 Bxf1 17. Nd5 Nc6 18. Ng5 Qd4+ 19. Kc1 Qg7 20. Nf6+ Kh8
21. Qxh7+ Qxh7 22. Ngxh7 Be2 23. f3 Rfd8 24. c3 Kg7 25. Re1 Bd3 26. Re3 c4 27.
f4 Rh8 28. Rh3 a5 29. Kb2 b5 30. g4 b4 31. f5 a4 32. fxg6 fxg6 33. cxb4 a3+ 34.
Ka1 Nxb4 35. Nd5 Nc2+ 36. Ka2 Rab8 0-1

[Event "24. Copenhagen Open  (Politiken Cup)"]
[Site "Copenhagen"]
[Date "2002.07.16"]
[Round "2"]
[White "Henrichsen, Jens"]
[Black "Leimand, Hans Erik"]
[Result "1-0"]
[WhiteElo "2067"]
[BlackElo "1587"]
[PlyCount "80"]
[EventDate "2002.07.15"]
[EventType "swiss"]
[EventRounds "11"]
[EventCountry "DEN"]
[SourceDate "2004.01.01"]

1. d4 d5 2. c4 e6 3. Nf3 Nf6 4. Nc3 Be7 5. Bg5 h6 6. Bh4 O-O 7. e3 b6 8. Be2
Bb7 9. cxd5 Nxd5 10. Bxe7 Qxe7 11. Nxd5 exd5 12. O-O Nd7 13. Qa4 a6 14. Rac1
Rfc8 15. Rfd1 b5 16. Qa5 c5 17. dxc5 Rxc5 18. Qa3 Rac8 19. Nd4 Ne5 20. Nb3 R5c7
21. Qxe7 Rxe7 22. Rxc8+ Bxc8 23. Rxd5 Kh7 24. Nc5 f6 25. b3 Rc7 26. h3 Nc6 27.
Bd3+ Kg8 28. Bg6 Kf8 29. a3 Ke7 30. f4 b4 31. a4 Be6 32. Nxe6 Kxe6 33. e4 Ke7
34. Bf5 g5 35. g3 gxf4 36. gxf4 Nd8 37. Rd4 Rc1+ 38. Kf2 Nc6 39. Rd7+ Ke8 40.
Rd6 Rc2+ {Time} 1-0

[Event "24. Copenhagen Open  (Politiken Cup)"]
[Site "Copenhagen"]
[Date "2002.07.16"]
[Round "2"]
[White "Henriksen, Geir Ivar"]
[Black "Rasmussen, Henning"]
[Result "1-0"]
[WhiteElo "2209"]
[BlackElo "1743"]
[PlyCount "35"]
[EventDate "2002.07.15"]
[EventType "swiss"]
[EventRounds "11"]
[EventCountry "DEN"]
[SourceDate "2004.01.01"]

1. d4 d5 2. c4 dxc4 3. e3 c5 4. Bxc4 cxd4 5. exd4 Nf6 6. Nc3 e6 7. Nf3 Be7 8.
O-O O-O 9. Qe2 Nc6 10. Rd1 Nb4 11. Ne5 Nbd5 12. Rd3 Bd7 13. Rg3 g6 14. Bh6 Re8
15. Rf3 Nxc3 16. bxc3 a6 17. Re1 Bf8 18. Bg5 1-0

[Event "24. Copenhagen Open  (Politiken Cup)"]
[Site "Copenhagen"]
[Date "2002.07.16"]
[Round "2"]
[White "Hesselberg, Leif"]
[Black "Rasmussen, Allan Stig"]
[Result "0-1"]
[WhiteElo "1825"]
[BlackElo "2305"]
[PlyCount "64"]
[EventDate "2002.07.15"]
[EventType "swiss"]
[EventRounds "11"]
[EventCountry "DEN"]
[SourceDate "2004.01.01"]

1. d4 f5 2. Nf3 Nf6 3. Bg5 e6 4. Nbd2 d5 5. e3 Bd6 6. Ne5 Nbd7 7. f4 O-O 8. Bd3
c5 9. c3 Qc7 10. O-O Rb8 11. Ndf3 b5 12. Kh1 b4 13. Nxd7 Bxd7 14. Ne5 c4 15.
Bb1 bxc3 16. bxc3 Ba3 17. Bc2 Bb2 18. Rb1 Bxc3 19. Rxb8 Rxb8 20. Bxf6 gxf6 21.
Nxd7 Qxd7 22. g4 fxg4 23. Qxg4+ Kh8 24. Rg1 Qf7 25. Rg3 f5 26. Qg5 Bd2 27. Kg2
Be1 28. Kf3 Bxg3 29. hxg3 Qg7 30. Qh4 Qg4+ 31. Qxg4 fxg4+ 32. Kxg4 Rb2 0-1

[Event "24. Copenhagen Open  (Politiken Cup)"]
[Site "Copenhagen"]
[Date "2002.07.16"]
[Round "2"]
[White "Hoeg, Claus"]
[Black "Rasmussen, Poul"]
[Result "1-0"]
[WhiteElo "2010"]
[BlackElo "1428"]
[PlyCount "49"]
[EventDate "2002.07.15"]
[EventType "swiss"]
[EventRounds "11"]
[EventCountry "DEN"]
[SourceDate "2004.01.01"]

1. d4 Nf6 2. c4 e6 3. Nf3 d5 4. Nc3 c6 5. Bg5 Be7 6. e3 O-O 7. Qc2 Nbd7 8. cxd5
exd5 9. Bd3 Re8 10. O-O Nf8 11. Rab1 Be6 12. b4 Ne4 13. Bxe7 Qxe7 14. Nxe4 dxe4
15. Bxe4 Bxa2 16. Bxh7+ Nxh7 17. Qxa2 Qe4 18. Ne5 Ng5 19. Rbc1 Re6 20. Rfe1 Qh4
21. f4 Ne4 22. f5 Nc3 23. Qc4 b5 24. Qxc3 Rh6 25. Nf3 1-0

[Event "24. Copenhagen Open  (Politiken Cup)"]
[Site "Copenhagen"]
[Date "2002.07.16"]
[Round "2"]
[White "Hovmoller, Kristian"]
[Black "Hansen, Alexei"]
[Result "1-0"]
[WhiteElo "2248"]
[BlackElo "1563"]
[PlyCount "45"]
[EventDate "2002.07.15"]
[EventType "swiss"]
[EventRounds "11"]
[EventCountry "DEN"]
[SourceDate "2004.01.01"]

1. d4 Nf6 2. c4 g6 3. Nc3 Bg7 4. e4 d6 5. f3 O-O 6. Be3 Nbd7 7. Qd2 e5 8. Nge2
Kh8 9. h4 Nh5 10. d5 a5 11. g4 Nf4 12. Nxf4 exf4 13. Bxf4 f5 14. gxf5 gxf5 15.
Bg5 Qe8 16. O-O-O b5 17. Nxb5 Ba6 18. Nxc7 Qb8 19. Ne6 Ne5 20. Nxg7 Bxc4 21.
Bxc4 Nxc4 22. Qc3 Rc8 23. Nxf5+ 1-0

[Event "24. Copenhagen Open  (Politiken Cup)"]
[Site "Copenhagen"]
[Date "2002.07.16"]
[Round "2"]
[White "Howe, Dennis"]
[Black "Hau, Helge"]
[Result "1-0"]
[WhiteElo "2052"]
[BlackElo "1503"]
[PlyCount "47"]
[EventDate "2002.07.15"]
[EventType "swiss"]
[EventRounds "11"]
[EventCountry "DEN"]
[SourceDate "2004.01.01"]

1. e4 e6 2. g3 d6 3. Bg2 Nc6 4. d4 Bd7 5. Nf3 g6 6. O-O Bg7 7. Nc3 Nge7 8. Be3
O-O 9. Qd2 f6 10. Rad1 d5 11. exd5 exd5 12. Rfe1 Bg4 13. h3 Bxf3 14. Bxf3 Qd7
15. Kh2 Na5 16. Nxd5 Nxd5 17. Qxa5 Nxe3 18. Rxe3 c6 19. d5 b6 20. Qe1 c5 21.
Re7 Qf5 22. Qe6+ Qxe6 23. dxe6 f5 24. Bxa8 1-0

[Event "24. Copenhagen Open  (Politiken Cup)"]
[Site "Copenhagen"]
[Date "2002.07.16"]
[Round "2"]
[White "Hvenekilde, Jorgen"]
[Black "Jorgensen, Carina E"]
[Result "1-0"]
[WhiteElo "2296"]
[BlackElo "1643"]
[PlyCount "59"]
[EventDate "2002.07.15"]
[EventType "swiss"]
[EventRounds "11"]
[EventCountry "DEN"]
[SourceDate "2004.01.01"]

1. d4 Nf6 2. c4 g6 3. Nc3 Bg7 4. e4 d6 5. f3 O-O 6. Be3 e5 7. Nge2 exd4 8. Nxd4
a5 9. Qd2 Na6 10. Be2 Nc5 11. O-O-O a4 12. Nc2 Nfd7 13. h4 b6 14. h5 Ra7 15.
Bh6 Qf6 16. Bxg7 Qxg7 17. Na3 Ne5 18. Nd5 f6 19. hxg6 Nxg6 20. Rh5 f5 21. Rdh1
fxe4 22. Rxh7 Qxh7 23. Rxh7 Kxh7 24. Nb5 Rb7 25. Nbxc7 Nh4 26. Qg5 Ng6 27. Ne8
Rxe8 28. Nf6+ Kg7 29. Nxe8+ Kf7 30. Nxd6+ 1-0

[Event "24. Copenhagen Open  (Politiken Cup)"]
[Site "Copenhagen"]
[Date "2002.07.16"]
[Round "2"]
[White "Jenal, Juerg"]
[Black "Hector, Jonny"]
[Result "0-1"]
[WhiteElo "2194"]
[BlackElo "2562"]
[PlyCount "114"]
[EventDate "2002.07.15"]
[EventType "swiss"]
[EventRounds "11"]
[EventCountry "DEN"]
[SourceDate "2004.01.01"]

1. e4 e5 2. Nf3 Nc6 3. Bc4 Nf6 4. d3 Bc5 5. c3 a6 6. Nbd2 O-O 7. a4 d6 8. b4
Ba7 9. O-O Ne7 10. Bb3 Ng6 11. Nc4 b5 12. Ne3 c6 13. Qc2 Nh5 14. axb5 axb5 15.
Ra5 Ngf4 16. d4 Qe7 17. Bb2 Rb8 18. Rfa1 Bb6 19. Ra8 Rxa8 20. Rxa8 Qf6 21. dxe5
dxe5 22. c4 Nxg2 23. Nf5 Ngf4 24. Kf1 bxc4 25. Bxc4 Bc7 26. b5 c5 27. b6 Bxf5
28. Rxf8+ Kxf8 29. exf5 Qxb6 30. Bxe5 Bxe5 31. Nxe5 Qd6 32. Nf3 g6 33. Qc3 Nf6
34. fxg6 hxg6 35. Qe5 Ne8 36. Ke1 f6 37. Qe4 Qe7 38. Qxe7+ Kxe7 39. Kd2 Nd6 40.
Bb3 g5 41. Ke3 Ng2+ 42. Kd3 Kd7 43. Nd2 f5 44. Nf3 Nf4+ 45. Ke3 Nh3 46. Ne5+
Ke7 47. f3 Nf4 48. Kf2 Ne6 49. Ke3 Nd4 50. Bd5 Nc8 51. Ba2 Nb6 52. f4 Nc2+ 53.
Kf3 Kf6 54. Nd3 g4+ 55. Kg3 Nb4 56. Bb1 Nxd3 57. Bxd3 c4 0-1

[Event "24. Copenhagen Open  (Politiken Cup)"]
[Site "Copenhagen"]
[Date "2002.07.16"]
[Round "2"]
[White "Jessen, Simon Pind"]
[Black "Andreasen, Bjarke"]
[Result "1/2-1/2"]
[WhiteElo "2074"]
[BlackElo "1616"]
[PlyCount "54"]
[EventDate "2002.07.15"]
[EventType "swiss"]
[EventRounds "11"]
[EventCountry "DEN"]
[SourceDate "2004.01.01"]

1. d4 d5 2. c4 e6 3. cxd5 exd5 4. Nc3 Nf6 5. Nf3 c6 6. Bg5 Be7 7. e3 Bf5 8. Bd3
Bxd3 9. Qxd3 Nbd7 10. O-O O-O 11. Rab1 a6 12. b4 Nb6 13. Nd2 Qd7 14. a4 Rfc8
15. a5 Nc4 16. Nxc4 dxc4 17. Qxc4 Nd5 18. Bxe7 Nxc3 19. Qxc3 Qxe7 20. Rfc1 Rd8
21. Qb3 Rd6 22. Rc5 Rh6 23. Rf5 Rf8 24. Rf3 Qd6 25. h3 Rg6 26. Rd1 Rg5 27. Rc1
Qg6 1/2-1/2

[Event "24. Copenhagen Open  (Politiken Cup)"]
[Site "Copenhagen"]
[Date "2002.07.16"]
[Round "2"]
[White "Jorgensen, Dennis"]
[Black "Pert, Richard G"]
[Result "0-1"]
[WhiteElo "2097"]
[BlackElo "2357"]
[PlyCount "96"]
[EventDate "2002.07.15"]
[EventType "swiss"]
[EventRounds "11"]
[EventCountry "DEN"]
[SourceDate "2004.01.01"]

1. d4 Nf6 2. Nf3 g6 3. g3 Bg7 4. Bg2 d5 5. O-O O-O 6. c4 dxc4 7. Qc2 Nc6 8.
Qxc4 Be6 9. Qa4 Nd5 10. e3 Nb6 11. Qd1 Qd7 12. Nc3 Rad8 13. Re1 Bg4 14. Qb3 Be6
15. Qd1 Rfe8 16. Ne4 Bg4 17. Nc5 Qc8 18. Qb3 h6 19. a3 e5 20. dxe5 Bxf3 21.
Bxf3 Rxe5 22. Nd3 Na5 23. Qc2 Qf5 24. Be2 Red5 25. g4 Qe4 26. f3 Qe7 27. e4
R5d6 28. Nb4 c5 29. Na2 Be5 30. f4 Bd4+ 31. Kh1 c4 32. Rb1 Qh4 33. Rf1 Nb3 34.
e5 Rc6 35. Bf3 Nd5 36. Nc3 Ne3 37. Bxe3 Bxe3 38. Nd5 Bc5 39. Qg2 Kg7 40. Rbd1
Rcc8 41. Nf6 b6 42. Bb7 Rb8 43. Ba6 Rxd1 44. Rxd1 Rd8 45. Qe2 Rxd1+ 46. Qxd1
Qf2 47. Bxc4 Nd2 48. Bd5 Nf1 0-1